| 000 | 004430000a22001690004500 | ||
|---|---|---|---|
| 003 | MACL | ||
| 005 | 20160107113813.0 | ||
| 008 | 160107b xxu||||| |||| 00| 0 eng d | ||
| 040 |
_aMACL _cMACL |
||
| 041 | _aEnglish | ||
| 082 | _a800/THA | ||
| 100 |
_aThackeray, William Makepeace _929116 |
||
| 245 | _aCritical Papers In Literature | ||
| 260 |
_bMacmillan & Co Ltd _c1904 _aLondon |
||
| 650 |
_aLiterature _929117 |
||
| 942 |
_cBK _k800/THA _2ddc |
||
| 999 |
_c38000 _d38000 |
||